[Event "GER-ch54 V06 email"]
[Site "GER email"]
[Date "2022.05.01"]
[Round "?"]
[White "Bender, Klaus"]
[Black "Ries, Berthold"]
[Result "1/2-1/2"]
[WhiteElo "2092"]
[BlackElo "2111"]
[PlyCount "68"]
[EventDate "2022.05.01"]
[EventType "tourn (corr)"]
[EventRounds "10"]
[EventCountry "GER"]
[SourceTitle "Corr 2024"]
[Source "ChessBase"]
[SourceDate "2023.10.19"]
[SourceVersion "1"]
[SourceVersionDate "2023.10.19"]
[SourceQuality "1"]

1. e4 c5 2. d3 Nc6 3. f4 d5 4. Be2 e6 5. Nf3 Bd6 6. 0-0 Nge7 7. c3 f6 8. Be3 0-0 9. g3 b6 10. Nbd2 Bb7 11. Bf2 Qd7 12. a3 e5 13. fxe5 Bxe5 14. d4 cxd4 15. cxd4 Bc7 16. Re1 Rad8 17. Rc1 Bb8 18. Bb5 dxe4 19. Nxe4 Kh8 20. Nc3 Qh3 21. Bf1 Qh5 22. Bg2 Bc8 23. b4 Rfe8 24. Qb3 Bg4 25. Ne4 Qf5 26. h3 Bxf3 27. Qxf3 Qxf3 28. Bxf3 Nxd4 29. Bxd4 Rxd4 30. Nxf6 gxf6 31. Bc6 Bxg3 32. Bxe8 Bxe1 33. Rxe1 Nd5 34. Bc6 a5 1/2-1/2

[Event "GER-ch53 V03 email"]
[Site "GER email"]
[Date "2021.04.21"]
[Round "?"]
[White "Bender, Klaus"]
[Black "Lemke, Burghard"]
[Result "1/2-1/2"]
[WhiteElo "2076"]
[BlackElo "2092"]
[PlyCount "71"]
[EventDate "2021.04.21"]
[EventType "tourn (corr)"]
[EventRounds "10"]
[EventCountry "GER"]
[SourceTitle "Corr 2024"]
[Source "ChessBase"]
[SourceDate "2023.10.19"]
[SourceVersion "1"]
[SourceVersionDate "2023.10.19"]
[SourceQuality "1"]

1. d4 Nf6 2. Bf4 d5 3. e3 c5 4. dxc5 e6 5. b4 a5 6. c3 axb4 7. cxb4 Bd7 8. Nd2 b6 9. cxb6 Qxb6 10. a3 Ba4 11. Qb1 Nbd7 12. Ngf3 g6 13. h3 Bg7 14. Ra2 0-0 15. Be2 Ne8 16. 0-0 e5 17. Bh2 Nd6 18. Bd1 Qa6 19. Qa1 f6 20. Bb3 Nb6 21. Rc1 Rfc8 22. g4 Bxb3 23. Nxb3 Na4 24. Nfd2 Qd3 25. Nc5 Nxc5 26. bxc5 Nf7 27. Rc3 Qa6 28. Qf1 Ng5 29. Qxa6 Rxa6 30. Kg2 Ne6 31. Nb3 Ra4 32. Rd2 Rc4 33. Rdc2 Ra4 34. Rd2 Rc4 35. Rdc2 Ra4 36. Rd2 1/2-1/2

[Event "GER-ch53 V03 email"]
[Site "GER email"]
[Date "2021.04.21"]
[Round "?"]
[White "Hinz, Horst"]
[Black "Bender, Klaus"]
[Result "1/2-1/2"]
[WhiteElo "2041"]
[BlackElo "2076"]
[PlyCount "99"]
[EventDate "2021.04.21"]
[EventType "tourn (corr)"]
[EventRounds "10"]
[EventCountry "GER"]
[SourceTitle "Corr 2024"]
[Source "ChessBase"]
[SourceDate "2023.10.19"]
[SourceVersion "1"]
[SourceVersionDate "2023.10.19"]
[SourceQuality "1"]

1. e4 Nc6 2. d4 e5 3. d5 Nce7 4. Nf3 Ng6 5. h4 h5 6. Be2 Nf6 7. Bg5 Bc5 8. Nc3 a6 9. g3 d6 10. Nd2 b5 11. a3 Nf8 12. Nb3 Bb6 13. f3 Bd7 14. Qd2 N8h7 15. a4 b4 16. Nd1 a5 17. Be3 0-0 18. Bxb6 cxb6 19. Ne3 Kh8 20. Nc4 Qc7 21. Qe3 Rfb8 22. 0-0 Ne8 23. Nbd2 b5 24. axb5 Bxb5 25. b3 a4 26. bxa4 Rxa4 27. Bd3 Rxa1 28. Rxa1 f5 29. Ra7 Rb7 30. Rxb7 Qxb7 31. Qb6 Qxb6+ 32. Nxb6 Bxd3 33. cxd3 g5 34. hxg5 Nxg5 35. Kg2 Kg7 36. Nbc4 f4 37. d4 Kf6 38. Nb2 fxg3 39. Kxg3 Nc7 40. Kh4 Nb5 41. dxe5+ dxe5 42. Kxh5 Nd4 43. Kg4 Ndxf3 44. Nxf3 Nxe4 45. Nd3 Nc3 46. Nxb4 e4 47. Nd2 e3 48. Nf3 e2 49. Kg3 e1Q+ 50. Nxe1 1/2-1/2

[Event "GER-ch52 V02 email"]
[Site "GER email"]
[Date "2020.04.16"]
[Round "?"]
[White "Andersen, Jens"]
[Black "Bender, Klaus"]
[Result "1-0"]
[WhiteElo "2046"]
[BlackElo "2095"]
[PlyCount "121"]
[EventDate "2020.??.??"]
[EventType "tourn (corr)"]
[EventRounds "10"]
[EventCountry "GER"]
[SourceTitle "Corr 2024"]
[Source "ChessBase"]
[SourceDate "2023.10.19"]
[SourceVersion "1"]
[SourceVersionDate "2023.10.19"]
[SourceQuality "1"]

1. d4 Nc6 2. Nf3 d6 3. d5 Nb8 4. c4 g6 5. e4 Bg7 6. Nc3 Bg4 7. Be2 Nd7 8. 0-0 c6 9. Bd2 Ngf6 10. h3 Bxf3 11. Bxf3 0-0 12. Rb1 Qc7 13. Be2 Nc5 14. Qc2 a5 15. Rfd1 Rfe8 16. b3 Nfd7 17. Bf1 Nf6 18. g3 e6 19. Bg2 Rac8 20. a3 Ncd7 21. Bf4 Bf8 22. Qd2 cxd5 23. exd5 e5 24. Bg5 Be7 25. Bf3 Qd8 26. Be3 Kh8 27. Be2 Nh5 28. Bxh5 gxh5 29. Qe2 h4 30. g4 Rf8 31. Kh1 Bg5 32. Ne4 Bxe3 33. fxe3 Nf6 34. Nxf6 Qxf6 35. a4 Qh6 36. e4 f5 37. exf5 Qg5 38. Rg1 h6 39. Qf2 Rc5 40. Rge1 Rf7 41. Re2 Kg7 42. Rg1 b6 43. Qf3 Kf6 44. Re4 Kg7 45. Qc3 Rfc7 46. Rd1 Kg8 47. Kg2 Rc8 48. Qe1 Kg7 49. Kf3 Kf6 50. Ke2 Kg7 51. Kd3 Kf7 52. Rb1 Rb8 53. Kc2 Rbc8 54. Kb2 Kg7 55. Ka3 Kf7 56. Qe2 Kf6 57. Kb2 R5c7 58. Kc2 Rb8 59. Kd3 Kf7 60. Qe3 Qf6 61. Rg1 1-0

[Event "GER-ch52 V02 email"]
[Site "GER email"]
[Date "2020.04.16"]
[Round "?"]
[White "Bender, Klaus"]
[Black "Langer, Raimund"]
[Result "1/2-1/2"]
[WhiteElo "2302"]
[BlackElo "2454"]
[PlyCount "50"]
[EventDate "2020.??.??"]
[EventType "tourn (corr)"]
[EventRounds "10"]
[EventCountry "GER"]
[SourceTitle "Corr 2022"]
[Source "ChessBase"]
[SourceDate "2021.10.24"]
[SourceVersion "1"]
[SourceVersionDate "2021.10.24"]
[SourceQuality "1"]

1. d4 Nf6 2. Bf4 g6 3. Nc3 d5 4. e3 Bg7 5. h4 c6 6. Be2 h5 7. Nf3 0-0 8. Ne5 Qb6 9. b3 Be6 10. 0-0 Nbd7 11. Na4 Qa5 12. Qe1 Qxe1 13. Rfxe1 b5 14. Nb2 Nxe5 15. Bxe5 a5 16. c4 bxc4 17. bxc4 Ne4 18. Bxg7 Kxg7 19. Rec1 Rfb8 20. Na4 Rb4 21. cxd5 cxd5 22. Nc5 a4 23. Nxe6+ fxe6 24. Bd3 Nd6 25. Rab1 Rxb1 1/2-1/2

[Event "GER-ch52 V02 email"]
[Site "GER email"]
[Date "2020.04.16"]
[Round "?"]
[White "Frotscher, Thomas"]
[Black "Bender, Klaus"]
[Result "1-0"]
[WhiteElo "2391"]
[BlackElo "2302"]
[PlyCount "61"]
[EventDate "2020.??.??"]
[EventType "tourn (corr)"]
[EventRounds "10"]
[EventCountry "GER"]
[SourceTitle "Corr 2022"]
[Source "ChessBase"]
[SourceDate "2021.10.24"]
[SourceVersion "1"]
[SourceVersionDate "2021.10.24"]
[SourceQuality "1"]

1. d4 Nc6 2. Nf3 d5 3. c4 Bg4 4. cxd5 Bxf3 5. gxf3 Qxd5 6. e3 e6 7. Nc3 Qh5 8. h4 Nf6 9. Be2 Be7 10. a3 0-0 11. f4 Qf5 12. h5 Rfd8 13. Bd3 Qg4 14. Be2 Qf5 15. Kf1 a6 16. Rb1 Nd5 17. Bd3 Qf6 18. Qf3 Bf8 19. Ne4 Qe7 20. f5 h6 21. Rg1 exf5 22. Qxf5 Qe6 23. Qxe6 fxe6 24. f4 Bd6 25. Bd2 Nce7 26. Ke2 Kh8 27. b4 b6 28. a4 Rf8 29. a5 b5 30. Nf2 Nf6 31. Bg6 1-0

[Event "GER-ch51 V05 email"]
[Site "GER email"]
[Date "2019.04.14"]
[Round "?"]
[White "Molzahn, Norbert"]
[Black "Bender, Klaus"]
[Result "1/2-1/2"]
[WhiteElo "2286"]
[BlackElo "2313"]
[PlyCount "101"]
[EventDate "2019.??.??"]
[EventType "tourn (corr)"]
[EventRounds "10"]
[EventCountry "GER"]
[SourceTitle "Corr 2022"]
[Source "ChessBase"]
[SourceDate "2021.10.24"]
[SourceVersion "1"]
[SourceVersionDate "2021.10.24"]
[SourceQuality "1"]

1. d4 Nc6 2. e4 e5 3. dxe5 Nxe5 4. Nf3 Bb4+ 5. Bd2 Bxd2+ 6. Qxd2 d6 7. Nc3 Nc6 8. 0-0-0 Be6 9. e5 dxe5 10. Qe3 Qf6 11. Bb5 Nge7 12. Nxe5 0-0 13. Nd7 Bxd7 14. Rxd7 Rac8 15. Re1 a6 16. Bd3 Ng6 17. Nd5 Qh4 18. Be4 Qxh2 19. g3 Qh3 20. Rxc7 Rxc7 21. Nxc7 Qd7 22. Nd5 Re8 23. Rd1 Qc8 24. Bf5 Qb8 25. Qc5 Nf8 26. f4 Ne6 27. Qb6 Qa7 28. Qxa7 Nxa7 29. c3 Nc6 30. b4 h6 31. Bh3 Kf8 32. a4 g6 33. Bg2 h5 34. Nb6 Rd8 35. Bxc6 Rxd1+ 36. Kxd1 bxc6 37. Nd7+ Ke8 38. Nb8 g5 39. fxg5 Nxg5 40. Nxa6 Ne4 41. a5 Kd8 42. Ke2 Nxg3+ 43. Kf3 Nf5 44. Nc5 Kc7 45. Kf4 Ne7 46. c4 Nc8 47. Ne4 h4 48. Nd2 f5 49. Kf3 Kb7 50. Kg2 Ka6 51. Nb3 1/2-1/2

[Event "GER-ch51 V05 email"]
[Site "GER email"]
[Date "2019.04.14"]
[Round "?"]
[White "Schwamberger, Jessica"]
[Black "Bender, Klaus"]
[Result "1/2-1/2"]
[WhiteElo "2288"]
[BlackElo "2313"]
[PlyCount "80"]
[EventDate "2019.??.??"]
[EventType "tourn (corr)"]
[EventRounds "10"]
[EventCountry "GER"]
[SourceTitle "Corr 2022"]
[Source "ChessBase"]
[SourceDate "2021.10.24"]
[SourceVersion "1"]
[SourceVersionDate "2021.10.24"]
[SourceQuality "1"]

1. d4 Nc6 2. Nf3 d5 3. c4 Bg4 4. cxd5 Bxf3 5. gxf3 Qxd5 6. e3 e6 7. Nc3 Qh5 8. Bd2 Bd6 9. Rg1 Nge7 10. f4 Qxd1+ 11. Rxd1 g6 12. Bc4 Nb4 13. Ne4 Nbd5 14. Rc1 Rd8 15. a3 c6 16. h4 h5 17. Nxd6+ Rxd6 18. e4 Nb6 19. Be2 Rf8 20. Be3 Rd7 21. b4 Nbc8 22. Bd3 Nd6 23. a4 a6 24. Kd2 Rd8 25. Rgd1 Ra8 26. Ra1 Kd7 27. Ke2 Rfd8 28. f3 Ke8 29. Bf2 Rd7 30. Be1 Rdd8 31. Rac1 Rd7 32. Bc3 Rdd8 33. Be1 Rd7 34. Bb1 Rdd8 35. Ba2 Rd7 36. Bb3 Rdd8 37. Kf2 Rd7 38. Ke3 Rdd8 39. Rc2 Rd7 40. Rb1 Rdd8 1/2-1/2

[Event "GER-ch50 V06 email"]
[Site "GER email"]
[Date "2018.05.15"]
[Round "?"]
[White "Amann, Hubert"]
[Black "Bender, Klaus"]
[Result "1-0"]
[WhiteElo "2402"]
[BlackElo "2314"]
[PlyCount "89"]
[EventDate "2018.??.??"]
[EventType "tourn (corr)"]
[EventRounds "10"]
[EventCountry "GER"]
[SourceTitle "Corr 2020"]
[Source "ChessBase"]
[SourceDate "2019.09.30"]
[SourceVersion "1"]
[SourceVersionDate "2019.09.30"]
[SourceQuality "1"]

1. Nf3 Nc6 2. d4 d5 3. c4 Bg4 4. cxd5 Bxf3 5. gxf3 Qxd5 6. e3 e5 7. Nc3 Bb4 8. Bd2 Bxc3 9. bxc3 Qd6 10. Qb3 Nge7 11. Qxb7 Rb8 12. Qa6 0-0 13. Be2 Rb2 14. Bc1 Rb6 15. Ba3 Qg6 16. Qc4 exd4 17. cxd4 Qg2 18. Rf1 Re8 19. d5 Ne5 20. Qe4 N7g6 21. 0-0-0 Reb8 22. Rd2 h5 23. Rb2 Ng4 24. Rxb6 axb6 25. Bb2 Nf6 26. Qc4 Qxh2 27. f4 Rd8 28. Bxf6 gxf6 29. Qe4 f5 30. Qxf5 Qg2 31. Qxh5 Rxd5 32. Qh1 Qxh1 33. Rxh1 Kf8 34. Rd1 Ra5 35. Rd7 Rc5+ 36. Kd2 Ke8 37. Rd4 Nf8 38. Re4+ Kd8 39. Re5 Rc6 40. e4 Ng6 41. Rf5 Ke7 42. Bb5 Rd6+ 43. Ke3 Rd1 44. e5 Rc1 45. Be2 1-0

[Event "GER-ch49 V05 email"]
[Site "GER email"]
[Date "2017.04.03"]
[Round "?"]
[White "Bender, Klaus"]
[Black "Boos, Markus"]
[Result "1/2-1/2"]
[WhiteElo "2321"]
[BlackElo "2376"]
[PlyCount "80"]
[EventDate "2017.??.??"]
[EventType "tourn (corr)"]
[EventRounds "10"]
[EventCountry "GER"]
[SourceTitle "Corr 2020"]
[Source "ChessBase"]
[SourceDate "2019.09.30"]
[SourceVersion "1"]
[SourceVersionDate "2019.09.30"]
[SourceQuality "1"]

1. d4 d5 2. Bf4 c5 3. e3 Nc6 4. c3 Nf6 5. Nd2 Bf5 6. Ngf3 e6 7. Be2 Be7 8. Nh4 Be4 9. Nhf3 Qb6 10. Nxe4 Nxe4 11. Nd2 g5 12. Be5 Nxe5 13. dxe5 Nxd2 14. Qxd2 h5 15. Qc2 0-0-0 16. 0-0-0 Qc7 17. f4 gxf4 18. exf4 c4 19. Kb1 Kb8 20. Rhf1 b5 21. g4 hxg4 22. Bxg4 b4 23. f5 bxc3 24. fxe6 fxe6 25. bxc3 Qxe5 26. Rfe1 Qc7 27. Re2 Bf6 28. Bxe6 Qa5 29. Qf5 Qxc3 30. Rxd5 Rxd5 31. Bxd5 Qa1+ 32. Kc2 Qxa2+ 33. Kd1 Qa1+ 34. Kc2 Qb2+ 35. Kd1 Qd4+ 36. Kc1 Qc3+ 37. Kb1 Qd3+ 38. Qxd3 cxd3 39. Rd2 Be5 40. Be4 Kc7 1/2-1/2

[Event "GER-ch49 V05 email"]
[Site "GER email"]
[Date "2017.04.03"]
[Round "?"]
[White "Bender, Klaus"]
[Black "Geissler, Walter"]
[Result "1/2-1/2"]
[WhiteElo "2321"]
[BlackElo "2348"]
[PlyCount "60"]
[EventDate "2017.??.??"]
[EventType "tourn (corr)"]
[EventRounds "10"]
[EventCountry "GER"]
[SourceTitle "Corr 2020"]
[Source "ChessBase"]
[SourceDate "2019.09.30"]
[SourceVersion "1"]
[SourceVersionDate "2019.09.30"]
[SourceQuality "1"]

1. d4 Nf6 2. Bf4 d5 3. e3 c5 4. c3 Qa5 5. Nd2 e6 6. h3 cxd4 7. exd4 Qb6 8. Qb3 Qd8 9. Ngf3 Nc6 10. Bb5 a6 11. Be2 Bd6 12. Bxd6 Qxd6 13. 0-0 0-0 14. Rfe1 a5 15. Bd3 Ne7 16. Rac1 b6 17. Ne5 Ba6 18. Bb1 g6 19. Qd1 Ne8 20. Ndf3 f6 21. Nd3 Ng7 22. Qd2 Qd7 23. g4 Nc8 24. Qh6 Bxd3 25. Bxd3 Nd6 26. Kg2 Rae8 27. Qe3 b5 28. b3 Rc8 29. Rc2 Rfe8 30. Kg1 Qe7 1/2-1/2

[Event "GER-ch49 V05 email"]
[Site "GER email"]
[Date "2017.04.03"]
[Round "?"]
[White "Krebs, Juergen"]
[Black "Bender, Klaus"]
[Result "1/2-1/2"]
[WhiteElo "2289"]
[BlackElo "2321"]
[PlyCount "32"]
[EventDate "2017.??.??"]
[EventType "tourn (corr)"]
[EventRounds "10"]
[EventCountry "GER"]
[SourceTitle "Corr 2017"]
[Source "ChessBase"]
[SourceDate "2017.09.19"]
[SourceVersion "1"]
[SourceVersionDate "2017.09.19"]
[SourceQuality "1"]

1. e4 Nc6 2. Nf3 d6 3. d4 Nf6 4. Nc3 g6 5. h3 Bg7 6. Be3 0-0 7. Qd2 a6 8. Bh6 b5 9. a3 e5 10. Bxg7 Kxg7 11. 0-0-0 Bb7 12. Be2 exd4 13. Nxd4 Nxd4 14. Qxd4 c5 15. Qxd6 Qxd6 16. Rxd6 Nxe4 1/2-1/2

[Event "GER-ch49 V05 email"]
[Site "GER email"]
[Date "2017.04.03"]
[Round "?"]
[White "Lelgemann, Ludwig"]
[Black "Bender, Klaus"]
[Result "1/2-1/2"]
[WhiteElo "2180"]
[BlackElo "2321"]
[PlyCount "95"]
[EventDate "2017.??.??"]
[EventType "tourn (corr)"]
[EventRounds "10"]
[EventCountry "GER"]
[SourceTitle "Corr 2020"]
[Source "ChessBase"]
[SourceDate "2019.09.30"]
[SourceVersion "1"]
[SourceVersionDate "2019.09.30"]
[SourceQuality "1"]

1. d4 Nc6 2. d5 Ne5 3. e4 e6 4. Nc3 Bc5 5. dxe6 dxe6 6. Qxd8+ Kxd8 7. Bf4 Ng6 8. Bg3 Bd7 9. h4 h5 10. 0-0-0 Kc8 11. Nf3 Nf6 12. Rd2 Rd8 13. Bd3 Ng4 14. Rhd1 Be8 15. e5 Nf8 16. Ng5 a6 17. a3 Be7 18. Re1 Nh6 19. Bf4 Bc6 20. g3 b5 21. Nge4 Nf5 22. Bg5 Ng6 23. Bxe7 Ngxe7 24. Be2 Rxd2 25. Kxd2 g6 26. Ng5 Nh6 27. Ke3 Nhf5+ 28. Kf4 Nd4 29. Bd3 Kd7 30. Rd1 Ke8 31. Nge4 Bxe4 32. Bxe4 Rd8 33. Kg5 c5 34. Na2 a5 35. Nc1 b4 36. Nb3 Nxb3 37. Rxd8+ Kxd8 38. cxb3 Nd5 39. f3 Ne3 40. axb4 axb4 41. g4 c4 42. gxh5 gxh5 43. bxc4 Nxc4 44. Kf6 Ke8 45. b3 Nd2 46. Bc2 Nxf3 47. Bd1 Nd4 48. Bxh5 1/2-1/2

[Event "GER MS-250 email"]
[Site "GER email"]
[Date "2016.11.07"]
[Round "?"]
[White "Bender, Klaus"]
[Black "Hahn, Werner"]
[Result "1-0"]
[WhiteElo "2118"]
[BlackElo "1994"]
[PlyCount "103"]
[EventDate "2016.11.11"]
[EventType "tourn (corr)"]
[EventRounds "6"]
[EventCountry "GER"]
[SourceTitle "Corr 2020"]
[Source "ChessBase"]
[SourceDate "2019.09.30"]
[SourceVersion "1"]
[SourceVersionDate "2019.09.30"]
[SourceQuality "1"]

1. d4 Nf6 2. Bf4 e6 3. e3 c5 4. c3 Nc6 5. Nd2 d5 6. Bd3 Bd6 7. Bxd6 Qxd6 8. f4 Bd7 9. Nh3 h6 10. 0-0 Ne7 11. Qe2 0-0 12. g4 Bc6 13. Qg2 Rac8 14. Rae1 Nd7 15. Nf3 a6 16. Bb1 Bb5 17. Rf2 f5 18. Kh1 fxg4 19. Qxg4 Nf5 20. Nhg1 Qe7 21. Qh3 Rf6 22. Ne2 Bxe2 23. Rfxe2 Nf8 24. Ne5 Qd6 25. Rg2 Rc7 26. Reg1 cxd4 27. cxd4 Nh7 28. Ng4 Rg6 29. Qh5 Nf8 30. Bxf5 exf5 31. Qxf5 Qd8 32. Qe5 Kh8 33. f5 Rg5 34. Nxh6 Rxg2 35. Kxg2 Nh7 36. Ng4 Rc2+ 37. Kh1 Rxb2 38. Qg3 Qe7 39. Ne5 Kg8 40. Rc1 Nf8 41. Rc8 Rb1+ 42. Kg2 Rb2+ 43. Kf3 Rb6 44. Qg4 Rf6 45. Kg2 b6 46. Qf3 Qb7 47. Re8 Qc7 48. Qxd5+ Kh7 49. Qe4 Kg8 50. Ng4 Rd6 51. f6 Qf7 52. Re7 1-0

[Event "GER MS-243 email"]
[Site "GER email"]
[Date "2016.07.10"]
[Round "?"]
[White "Bender, Klaus"]
[Black "Langheld, Werner"]
[Result "1-0"]
[WhiteElo "2108"]
[BlackElo "1960"]
[PlyCount "77"]
[EventDate "2016.07.15"]
[EventType "tourn (corr)"]
[EventRounds "6"]
[EventCountry "GER"]
[SourceTitle "Corr 2020"]
[Source "ChessBase"]
[SourceDate "2019.09.30"]
[SourceVersion "1"]
[SourceVersionDate "2019.09.30"]
[SourceQuality "1"]

1. d4 Nf6 2. Bf4 d5 3. e3 c5 4. dxc5 e6 5. b4 a5 6. c3 Nc6 7. Bb5 Bd7 8. Qb3 Nh5 9. Ne2 Nxf4 10. Nxf4 g6 11. a4 Bg7 12. Ra2 0-0 13. 0-0 Qf6 14. Rc2 Rfd8 15. Nd2 Bh6 16. Nd3 Bg7 17. Rcc1 Qf5 18. Qb1 axb4 19. cxb4 e5 20. Rcd1 e4 21. Nf4 Bh6 22. Ne2 Qg5 23. Rde1 Ne5 24. Bxd7 Rxd7 25. a5 Qh5 26. Nd4 Bg7 27. Qd1 Qh4 28. N2b3 Qe7 29. Qd2 Rdd8 30. b5 Nc4 31. Qb4 Nb2 32. Rc1 Rac8 33. b6 Nd3 34. Qa4 Bxd4 35. Qxd4 Rc6 36. a6 bxa6 37. Na5 Rxc5 38. Nc6 Rxc6 39. Rxc6 1-0

[Event "GER MS-234 email"]
[Site "GER email"]
[Date "2016.01.16"]
[Round "?"]
[White "Bender, Klaus"]
[Black "Huber, Martin"]
[Result "1/2-1/2"]
[WhiteElo "2095"]
[BlackElo "2110"]
[PlyCount "39"]
[EventDate "2016.01.20"]
[EventType "tourn (corr)"]
[EventRounds "6"]
[EventCountry "GER"]
[SourceTitle "Corr 2020"]
[Source "ChessBase"]
[SourceDate "2019.09.30"]
[SourceVersion "1"]
[SourceVersionDate "2019.09.30"]
[SourceQuality "1"]

1. d4 f5 2. e4 fxe4 3. Nc3 Nf6 4. Bg5 Nc6 5. d5 Ne5 6. Qd4 Nf7 7. h4 c6 8. 0-0-0 Qb6 9. Bxf6 gxf6 10. Qxe4 Qxf2 11. Nf3 f5 12. Qxf5 Qe3+ 13. Kb1 d6 14. Qd3 Qxd3 15. Bxd3 Bg7 16. Be4 Bd7 17. Ng5 Nxg5 18. hxg5 0-0-0 19. Bxh7 Rdf8 20. Be4 1/2-1/2

[Event "GER MS-234 email"]
[Site "GER email"]
[Date "2016.01.16"]
[Round "?"]
[White "Bender, Klaus"]
[Black "Tassone, Raffaele"]
[Result "1-0"]
[WhiteElo "2095"]
[BlackElo "1968"]
[PlyCount "63"]
[EventDate "2016.01.20"]
[EventType "tourn (corr)"]
[EventRounds "6"]
[EventCountry "GER"]
[SourceTitle "Corr 2020"]
[Source "ChessBase"]
[SourceDate "2019.09.30"]
[SourceVersion "1"]
[SourceVersionDate "2019.09.30"]
[SourceQuality "1"]

1. d4 d5 2. Bf4 Nf6 3. e3 c5 4. dxc5 Nc6 5. Bb5 e6 6. b4 Be7 7. Nd2 a5 8. a3 0-0 9. Rb1 e5 10. Bg3 Bg4 11. Qc1 axb4 12. axb4 Nh5 13. Ngf3 Bf6 14. c3 Na7 15. Be2 Nc6 16. 0-0 Nxg3 17. hxg3 e4 18. Nd4 Qd7 19. Bxg4 Qxg4 20. Qd1 Qg6 21. Ne2 Rfd8 22. Nb3 Qg4 23. Nf4 Qd7 24. Qd2 g5 25. Ne2 Ne5 26. Ned4 Ra7 27. Ra1 Rda8 28. Rxa7 Rxa7 29. Qe2 Ra3 30. Rb1 Nd3 31. Qh5 Ra2 32. b5 1-0

[Event "GER MS-227 email"]
[Site "GER email"]
[Date "2015.09.21"]
[Round "?"]
[White "Bender, Klaus"]
[Black "Reichgeld, Manfred"]
[Result "1/2-1/2"]
[WhiteElo "2083"]
[BlackElo "2003"]
[PlyCount "74"]
[EventDate "2015.09.28"]
[EventType "tourn (corr)"]
[EventRounds "6"]
[EventCountry "GER"]
[SourceTitle "Corr 2020"]
[Source "ChessBase"]
[SourceDate "2019.09.30"]
[SourceVersion "1"]
[SourceVersionDate "2019.09.30"]
[SourceQuality "1"]

1. Nc3 d5 2. e4 d4 3. Nce2 e5 4. f4 Nc6 5. Nf3 Nge7 6. d3 Bg4 7. c3 Bxf3 8. gxf3 Ng6 9. f5 Nh4 10. Ng3 Bc5 11. c4 g6 12. a3 Be7 13. Bh3 Bg5 14. Bxg5 Qxg5 15. 0-0 a5 16. b3 Rg8 17. Kh1 Qh6 18. Bg4 Qf4 19. Ra2 h5 20. fxg6 fxg6 21. Bh3 Rf8 22. Raf2 Nd8 23. Ne2 Qe3 24. Ng1 Qh6 25. Ne2 g5 26. Qc1 Ra6 27. c5 Qg6 28. Qe1 Ne6 29. b4 Rc6 30. Bxe6 Qxe6 31. Qc1 Qe7 32. Ng3 Kd8 33. Rc2 Rf4 34. b5 Rg6 35. b6 Rc6 36. Qd2 Rxf3 37. Rb1 Qf6 1/2-1/2

[Event "GER MS-227 email"]
[Site "GER email"]
[Date "2015.09.21"]
[Round "?"]
[White "Bender, Klaus"]
[Black "Rulfs, Ernst August"]
[Result "1-0"]
[WhiteElo "2083"]
[BlackElo "2072"]
[PlyCount "69"]
[EventDate "2015.09.28"]
[EventType "tourn (corr)"]
[EventRounds "6"]
[EventCountry "GER"]
[SourceTitle "Corr 2020"]
[Source "ChessBase"]
[SourceDate "2019.09.30"]
[SourceVersion "1"]
[SourceVersionDate "2019.09.30"]
[SourceQuality "1"]

1. d4 Nf6 2. Bf4 g6 3. Qd2 Bg7 4. Nc3 d5 5. Bh6 0-0 6. Bxg7 Kxg7 7. 0-0-0 c5 8. e3 Qa5 9. dxc5 Nc6 10. Bb5 e5 11. Nge2 a6 12. Bxc6 bxc6 13. f4 Qxc5 14. fxe5 Ng4 15. Nd4 Nxe5 16. Nb3 Qe7 17. e4 dxe4 18. Nxe4 Be6 19. Qc3 Bd5 20. Rhe1 Rad8 21. Nec5 f6 22. Nxa6 Bxg2 23. Rxd8 Qxd8 24. Nac5 Bd5 25. a4 Qc7 26. Nd2 Rf7 27. h3 Nd7 28. Ne6+ Bxe6 29. Rxe6 Qf4 30. Re4 Qf5 31. b3 Ne5 32. Qe3 Qe6 33. a5 Re7 34. Nc4 Nxc4 35. Rxe6 1-0

[Event "GER MS-227 email"]
[Site "GER email"]
[Date "2015.09.21"]
[Round "?"]
[White "Lenaif, Sven Peter"]
[Black "Bender, Klaus"]
[Result "0-1"]
[WhiteElo "2008"]
[BlackElo "2083"]
[PlyCount "80"]
[EventDate "2015.09.28"]
[EventType "tourn (corr)"]
[EventRounds "6"]
[EventCountry "GER"]
[SourceTitle "Corr 2020"]
[Source "ChessBase"]
[SourceDate "2019.09.30"]
[SourceVersion "1"]
[SourceVersionDate "2019.09.30"]
[SourceQuality "1"]

1. e4 Nc6 2. Nf3 d6 3. d4 Nf6 4. Nc3 g6 5. d5 Nb8 6. Bc4 Bg7 7. h3 0-0 8. 0-0 e5 9. Be3 a6 10. a4 a5 11. Qd2 Na6 12. Rfe1 Nh5 13. Rad1 Bd7 14. Bb5 Bc8 15. Qe2 Nb4 16. Bc4 Bd7 17. Nb5 Na6 18. b3 f5 19. exf5 Rxf5 20. g3 Qe7 21. h4 Raf8 22. Ng5 h6 23. Ne6 Rf3 24. Nxf8 Qxf8 25. Kg2 Bg4 26. Qd2 g5 27. hxg5 Qf5 28. Kh2 hxg5 29. Rh1 Nb4 30. Rc1 Bh3 31. Qe1 g4 32. Kg1 Nxc2 33. Rxc2 Qxc2 34. Rh2 Rf7 35. Qc1 Qg6 36. Be2 Nf4 37. Bc4 Nd3 38. Qd2 e4 39. Nd4 Bxd4 40. Bxd4 Rf3 0-1

[Event "GER MS-227 email"]
[Site "GER email"]
[Date "2015.09.21"]
[Round "?"]
[White "Packroff, Hermann"]
[Black "Bender, Klaus"]
[Result "0-1"]
[WhiteElo "2027"]
[BlackElo "2083"]
[PlyCount "68"]
[EventDate "2015.09.28"]
[EventType "tourn (corr)"]
[EventRounds "6"]
[EventCountry "GER"]
[SourceTitle "Corr 2020"]
[Source "ChessBase"]
[SourceDate "2019.09.30"]
[SourceVersion "1"]
[SourceVersionDate "2019.09.30"]
[SourceQuality "1"]

1. e4 b6 2. d4 Bb7 3. Bd3 Nf6 4. Qe2 Nc6 5. c3 e5 6. Nf3 d6 7. d5 Ne7 8. 0-0 Ng6 9. a4 Be7 10. a5 0-0 11. Na3 Bc8 12. Re1 Bg4 13. h3 Bd7 14. Bb5 h6 15. Nc2 Kh7 16. Nb4 Bxb5 17. Qxb5 Qc8 18. Nc6 Ng8 19. Be3 f5 20. axb6 axb6 21. Rxa8 Qxa8 22. exf5 Rxf5 23. Qd3 Qc8 24. Kh2 Kh8 25. Ra1 Nh4 26. Nxh4 Bxh4 27. f3 Qf8 28. c4 Bg5 29. Bxg5 Rxg5 30. g4 b5 31. cxb5 Nf6 32. Rg1 Qe8 33. h4 e4 34. Qc2 Rxd5 0-1

[Event "GER MS-212 email"]
[Site "GER email"]
[Date "2015.01.14"]
[Round "?"]
[White "Bender, Klaus"]
[Black "Glatzel, Hans Joachim"]
[Result "1/2-1/2"]
[WhiteElo "2120"]
[BlackElo "1863"]
[PlyCount "46"]
[EventDate "2015.01.23"]
[EventType "tourn (corr)"]
[EventRounds "6"]
[EventCountry "GER"]
[SourceTitle "Corr 2020"]
[Source "ChessBase"]
[SourceDate "2019.09.30"]
[SourceVersion "1"]
[SourceVersionDate "2019.09.30"]
[SourceQuality "1"]

1. Nc3 d5 2. e4 d4 3. Nce2 c5 4. Ng3 Nc6 5. Bc4 Nf6 6. a3 e6 7. d3 Be7 8. Bd2 0-0 9. f4 Rb8 10. Nh3 b5 11. Ba2 c4 12. 0-0 Qb6 13. Qe2 c3 14. Bc1 a5 15. f5 cxb2 16. Bxb2 Ne5 17. Nf4 Kh8 18. h3 Bc5 19. fxe6 Bxe6 20. Kh1 Bxa2 21. Rxa2 Ng6 22. Raa1 Bd6 23. e5 Rfe8 1/2-1/2